Szczegóły MARC21

Chiny 5.0 : jak powstaje cyfrowa dyktatura /

003 -Nazwa inst., której nr kontr. jest w polu 001 [,]
    • @
    • Nazwa instytucji, której n kontrolny jest w polu 001
    • NUKAT
005 -DATA I CZAS OSTATNIEJ MODYFIKACJI [,]
    • @
    • pole kontrolne
    • 20241231102356.0
020 -Międzynarod. znormalizowany nr książki - ISBN [ , ]
    • a
    • Numer ISBN
    • 9788328072657 Find
040 -Instytucja sporządzająca opis [ , ]
    • a
    • Instytucja, która sporządziła opis (NP)
    • KAT U/AM
    • b
    • Język katalogowania
    • pol
    • e
    • Zasady katalogowania
    • rda
    • c
    • Instytucja, która sporządziła rekord (NP)
    • KAT U/AMs
    • d
    • Instytucja, która zmodyfikowała rekord (P)
    • KAT U/AM
    • d
    • Instytucja, która zmodyfikowała rekord (P)
    • WR O/ISs
    • d
    • Instytucja, która zmodyfikowała rekord (P)
    • WR U/das
    • d
    • Instytucja, która zmodyfikowała rekord (P)
    • KR 048/PK
    • d
    • Instytucja, która zmodyfikowała rekord (P)
    • WA 14/MBs
    • d
    • Instytucja, która zmodyfikowała rekord (P)
    • KR 93/BZs
    • d
    • Instytucja, która zmodyfikowała rekord (P)
    • WAM/LS
041 -Język dokumentu [1, ]
    • a
    • Język tekstu (P)
    • polski
    • h
    • Język tekstu oryginalnego i/lub pośredniego (P)
    • niemiecki
942 -Rodzaj dokumentu [ , ]
    • c
    • Rodzaj dokumentu
    • Książka
100 -Hasło główne - nazwa osobowa [1, ]
    • a
    • Nazwa osobowa (NP)
    • Strittmatter, Kai
    • d
    • Daty biograficzne (NP)
    • (1965- ).
    • e
    • Rodzaj współpracy
    • Autor
    • 9
    • KHW
    • 70585
245 -Strefa tytułu i oznaczenia odpowiedzialności [1,0]
    • a
    • Tytuł
    • Chiny 5.0 : Find
    • b
    • Ciąg dalszy tytułu (NP)
    • jak powstaje cyfrowa dyktatura / Find
    • c
    • Pozostałe elementy strefy tytułu i oznaczenia odpowiedzialności (NP)
    • Kai Strittmatter ; przełożyła Agnieszka Gadzała.
246 -Wariant tytułu [1, ]
    • i
    • Tekst wyświetlany na ekranie monitora (NP)
    • Tytuł oryginału:
    • a
    • Tytuł (NP)
    • Neuerfindung der Diktatur :
    • b
    • Ciąg dalszy tytułu (NP)
    • wie China den digitalen Überwachungsstaat aufbaut und uns damit herausfordert
246 -Wariant tytułu [1,0]
    • a
    • Tytuł (NP)
    • Jak powstaje cyfrowa dyktatura
250 -Strefa wydania [ , ]
    • a
    • Oznaczenie wydania (NP)
    • Wydanie I.
260 -Strefa adresu wydawniczego [ , ]
    • a
    • Miejsce wydania (P)
    • Warszawa :
    • b
    • Nazwa wydawcy (P)
    • Wydawnictwo WAB,
    • c
    • Data wydania (P)
    • 2020.
300 -Strefa opisu fizycznego [ , ]
    • a
    • Określenie formy książki i/lub objętość (NP)
    • 392, [8] stron ;
    • c
    • Format (NP)
    • 21 cm.
336 -Typ zawartości [ , ]
    • a
    • Termin opisujący typ zawartości
    • Tekst
    • b
    • Kod określający zawartość
    • txt
    • 2
    • Źródło (terminu i kodu)
    • rdacontent
337 -Typ mediów [ , ]
    • a
    • Tryb odtwarzania
    • Bez urządzenia pośredniczącego
    • b
    • Kod typu mediów
    • n
    • 2
    • Źródło (terminu i kodu)
    • rdamedia
338 -Typ/rodzaj nośnika [ , ]
    • a
    • Hasło opisujące typ nośnika
    • Wolumin
    • b
    • Kod typu nośnika
    • nc
    • 2
    • Źródło (terminu i kodu)
    • rdacarrier
380 -Deskryptor - Forma dzieła (P) [ , ]
    • a
    • forma dzieła (NP)
    • Książki
380 -Deskryptor - Forma dzieła (P) [ , ]
    • a
    • forma dzieła (NP)
    • Literatura faktu, eseje, publicystyka
388 -Deskryptor - czas powstania dzieła (P) [1, ]
    • a
    • Czas powstania dzieła (NP)
    • 2001-
500 -Uwaga ogólna [ , ]
    • a
    • Uwaga ogólna (NP)
    • Tytuł oryginału: Die Neuerfindung der Diktatur : wie China den digitalen Überwachungsstaat aufbaut und uns damit herausfordert.
530 -Uwaga dot. innej postaci fizycznej dokumentu [ , ]
    • a
    • Uwaga dot. innej postaci fizycznej dokumentu
    • Publikacja dostępna również jako audiobook.
600 -Hasło przedmiotowe w formie nazwy osobowej [1,7]
    • a
    • Nazwa osobowa
    • Xi, Jinping
    • d
    • Daty związane z nazwą
    • (1953- )
    • 2
    • Źródło terminu
    • DBN
    • 9
    • KHW
    • 495565
610 -Hasło przedmiotowe w formie nazwy ciała zbiorowego [2,7]
    • a
    • Nazwa ciała zbiorowego lub nazwa geograficzna
    • Komunistyczna Partia Chin
    • 2
    • Źródło terminu
    • DBN
650 -Hasło przedmiotowe [ ,7]
    • a
    • Hasło przedmiotowe
    • Monitoring elektroniczny
    • z
    • Określnik geograficzny
    • Chiny.
    • 2
    • Źródło terminu
    • kaba
    • 9
    • KHW
    • 547030
650 -Hasło przedmiotowe [ ,7]
    • a
    • Hasło przedmiotowe
    • Techniki informatyczne
    • x
    • Określnik rzeczowy
    • aspekt polityczny
    • z
    • Określnik geograficzny
    • Chiny.
    • 2
    • Źródło terminu
    • kaba
    • 9
    • KHW
    • 547029
650 -Hasło przedmiotowe [ ,7]
    • a
    • Hasło przedmiotowe
    • Prawo do życia prywatnego
    • z
    • Określnik geograficzny
    • Chiny.
    • 2
    • Źródło terminu
    • kaba
    • 9
    • KHW
    • 547031
650 -Hasło przedmiotowe [ ,7]
    • a
    • Hasło przedmiotowe
    • Prawa człowieka
    • z
    • Określnik geograficzny
    • Chiny.
    • 2
    • Źródło terminu
    • kaba
    • 9
    • KHW
    • 547027
650 -Hasło przedmiotowe [ ,7]
    • a
    • Hasło przedmiotowe
    • Cenzura
    • 2
    • Źródło terminu
    • DBN
    • 9
    • KHW
    • 723746
650 -Hasło przedmiotowe [ ,7]
    • a
    • Hasło przedmiotowe
    • Big data
    • 2
    • Źródło terminu
    • DBN
    • 9
    • KHW
    • 729431
650 -Hasło przedmiotowe [ ,7]
    • a
    • Hasło przedmiotowe
    • Dyktatura (ustrój)
    • 2
    • Źródło terminu
    • DBN
    • 9
    • KHW
    • 723462
650 -Hasło przedmiotowe [ ,7]
    • a
    • Hasło przedmiotowe
    • Ideologia
    • 2
    • Źródło terminu
    • DBN
    • 9
    • KHW
    • 726593
650 -Hasło przedmiotowe [ ,7]
    • a
    • Hasło przedmiotowe
    • Internet
    • 2
    • Źródło terminu
    • DBN
    • 9
    • KHW
    • 723307
650 -Hasło przedmiotowe [ ,7]
    • a
    • Hasło przedmiotowe
    • Polityka wewnętrzna
    • 2
    • Źródło terminu
    • DBN
    • 9
    • KHW
    • 722011
650 -Hasło przedmiotowe [ ,7]
    • a
    • Hasło przedmiotowe
    • Społeczeństwo
    • 2
    • Źródło terminu
    • DBN
    • 9
    • KHW
    • 721468
650 -Hasło przedmiotowe [ ,7]
    • a
    • Hasło przedmiotowe
    • Sztuczna inteligencja
    • 2
    • Źródło terminu
    • DBN
    • 9
    • KHW
    • 722081
651 -Hasło przedmiotowe w formie nazwy geograficznej [ ,7]
    • a
    • Nazwa geograficzna
    • Chiny
    • y
    • Określnik chronologiczny
    • 1990-.
    • 2
    • Źródło terminu
    • kaba
    • 9
    • KHW
    • 500753
651 -Hasło przedmiotowe w formie nazwy geograficznej [ ,7]
    • a
    • Nazwa geograficzna
    • Chiny
    • 2
    • Źródło terminu
    • DBN
    • 9
    • KHW
    • 721190
655 -Hasło w funkcji tematu formalnego [ ,7]
    • a
    • Hasło
    • Reportaż
    • 2
    • Źródło terminu
    • DBN
    • 9
    • KHW
    • 722176
658 -Ujęcie treści [ , ]
    • a
    • dziedzina nauki i sztuki/ sfera aktywności życiowej
    • Informatyka i technologie informacyjne
658 -Ujęcie treści [ , ]
    • a
    • dziedzina nauki i sztuki/ sfera aktywności życiowej
    • Polityka, politologia, administracja publiczna
700 -Hasło dodatkowe - nazwa osobowa [1, ]
    • a
    • Nazwa osobowa (NP)
    • Gadzała, Agnieszka. Find
    • e
    • Określenie rodzaju współpracy
    • Tłumaczenie
    • 9
    • KHW
    • 238
710 -Hasło dodatkowe - nazwa ciała zbiorowego [2, ]
    • a
    • Nazwa ciała zbiorowego lub nazwa geograficzna jako pierwszy element (NP)
    • Grupa Wydawnicza Foksal.
    • e
    • Rodzaj współpracy
    • Wydawca
    • 4
    • Kod relacji
    • pbl
    • 9
    • KHW
    • 65859
856 -Dostęp do wersji elektronicznej [4,1]
    • 3
    • Wyszczególnienie materiału
    • Spis treści
920 -ISBN [ , ]
    • a
    • ISBN
    • 978-83-280-7265-7 Find
Data inwentaryzacji Lokalizacja Numer inwentarzowy Status udost.
2021-05-18BEE.80049-2
2021-05-18BES.96952-2
2020-10-19BGWM.25615-3
2020-10-19BGWM.25616-3
2020-07-08BNSH.342731
2020-07-08BNSH.34274-3